| 000 | 00387nam a2200133Ia 4500 | ||
|---|---|---|---|
| 005 | 20260328104313.0 | ||
| 008 | 260328s9999||||xx |||||||||||||| ||und|| | ||
| 100 | _aHenderson, Emily | ||
| 245 | 0 |
_aStyled : _b Secrets for arranging Rooms , from Tabletops to Bookshelves / _cEmily Henderson |
|
| 260 | _bPotter Style | ||
| 300 | _a245 p. | ||
| 650 | _aARQUITECTURA INTERIOR | ||
| 942 | _cBK | ||
| 999 |
_c11041 _d11041 |
||